000 01459cam a2200385Ia 4500
001 56940
005 20230410102148.0
008 071116s2006 dr b 001 0 por d
035 _a(OCoLC)ocn181383033
040 _aGZM
_cGZM
_dGZM
_dDRFGD
020 _a9945020102 (pbk.)
020 _a9789945020106 (pbk.)
035 _a(OCoLC)181383033
043 _anwdr---
050 1 4 _a118 PQ 7409
_bF438f 2006
100 1 _aFiallo, Fabio,
_d1865-1942.
245 1 0 _aFabio Fiallo en "La Bandera libre", 1899-1916 /
_c[Rafael Dario Herrera (compilador) ; edición al cuidado de Dantes Ortiz].
246 3 0 _aBandera libre, 1899-1916
260 _aSanto Domingo :
_bArchivo General de la Nación,
_c2006.
300 _a403 p. ;
_c22 cm.
490 1 _aArchivo General de la Nación ;
_vvol. xxvi
504 _aIncludes bibliographical references and index.
650 4 _aEnsayos Dominicanos.
600 1 0 _aFiallo, Fabio,
_d1865-1942.
630 0 0 _aBandera libre (Santo Domingo, Dominican Republic)
_xHistory.
650 0 _aJournalists
_zDominican Republic
_vBiography.
650 0 _aAuthors, Dominican
_y20th century
_vBiography.
700 1 _aHerrera R., Rafael Darío
_q(Herrera Rodríguez),
_d1955-
700 1 _aOrtiz, Dantes.
730 0 _aBandera libre (Santo Domingo, Dominican Republic)
830 0 _aPublicaciones del Archivo General de la Nación (Dominican Republic) ;
_v26.
942 _2lcc
_cbk
946 _almminaya
994 _aC0
_bDRFGD
999 _c20249
_d20249